000 00909cam a2200253 4500
001 ABS63571
008 000000n2001 000 0 eng u
035 _a(Sirsi) u111005
100 _aLynch, M.
245 _aExploring the blue skies of corporate PFI
260 _c2001
490 _aFacilities Management
_v8(5) February 2001, 8-9(2)
520 _aConsiders corporate PFI, and in particular outsourcing business infrastructure management. Looks at examples of PFI projects; company space requirements, and business advantages. Lists addresses and websites.
590 _aABS
650 _aOUTSOURCING
650 _aBUSINESS INFRASTRUCTURE
650 _aCORPORATE PFI
650 _aPFI PROJECTS
650 _aSPACE REQUIREMENTS
650 _aPRIVATE FINANCE INTIATIVE
650 _aProperty management
_96262
690 _aMANAGEMENT-BUSINESS MANAGEMENT-FINANCIAL MANAGEMENT
942 _n0
999 _c66152
_d66152